Countries Bordering Azerbaijan - Map Quiz - Statistics

General Stats
  • This quiz has been taken 1,280 times
  • The average score is 4 of 5
Answers on the Map
Answers color-coded by a green-red scale on the quiz's map according to % correct below.
 
Answer Stats
Answer % Correct
Georgia
91%
Russia
91%
Armenia
89%
Turkey
89%
Iran
87%
No matching quizzes found
Score Distribution
Percent of People with Each Score
Percentile by Number Answered
Your Score History
You have not taken this quiz